| 000 | 00401nam a2200157 a 4500 | ||
|---|---|---|---|
| 001 | 4218 | ||
| 003 | CDMR | ||
| 005 | 20130620130444.0 | ||
| 008 | 130130s1999||||||||||||||||||||||||||||d | ||
| 020 | _a8492057343 | ||
| 040 |
_aCDMR _bcat _cCDMR |
||
| 245 | 0 | 0 |
_aColòmbia _b: patrimoni cultural i natural |
| 260 |
_aBarcelona _c1999 _bLaia |
||
| 650 | 0 | 4 |
_93855 _aPatrimoni cultural _zColòmbia |
| 942 |
_cMON _2udc |
||
| 999 |
_c4218 _d4218 |
||